Ispytanija detalej mašin na pročnosť.

Uložené v:
Podrobná bibliografia
Médium: Kniha
Jazyk:Slovak
Vydané: 1960.
Tagy: Pridať tag
Žiadne tagy, Buďte prvý kto otaguje tento záznam!

MARC

LEADER 00000nam a22000004a 4500
001 000514144
005 20160725114642.0
008 160725s1960 xo e 000 0 slo d
040 |a SVKKK  |b slo  |c SVKKK  |e AACR2 
245 1 0 |a Ispytanija detalej mašin na pročnosť. 
260 |c 1960. 
500 |a Záznam revízie 
910 |a svkkk 
998 |a BK 
090 |g SCKHL  |k Sklad Pribinova 2. posch.  |a X0.1055  |j 03111  |i 514144-10  |4 Zastaraná  |s Vyradená